000 00644nam a2200217 a 4500
001 69243
003 BD-RjUL
005 20211209081850.0
008 800728s1954 enka 001 0 eng
035 _a(BD-RjUL)69454
040 _aDLC
_cOCl
_dUk
_dDLC
_dBD-RjUL
_beng
041 _aeng
082 _223
_a677.02832
_bWON 1954
100 1 _aWormell, Robert Louis.
_9205147
245 1 0 _aNew fibres from proteins /
_cRobert Louis Wormell
260 _aLondon :
_bButterworths Scientific Publications,
_c1954.
300 _a208 p. :
_bill. ;
_c23 cm.
500 _aIncludes index
650 0 _aTextile fibers, Synthetic.
_9164594
942 _2ddc
_cBK
999 _c69243
_d69243